Caracterización fenotípica y molecular de una colección de edamame (Glycine max (L.) Merr.) ; directora María Mónica Poverene /

Guardado en:
Otros Autores: Benavídez, Raquel. (Disertante), Poverene, María Mónica. (Orientador)
Formato: Manuscrito
Idioma:Spanish
Publicado: 2004.
Materias:
Etiquetas: Agregar Etiqueta
Sin Etiquetas, Sea el primero en etiquetar este registro!
LEADER 00874ntm a22002055a 4500
001 EEA.libagro009442
005 20160711104135.0
008 050303s2004####ag#a#####bm###000#0#spa#d
100 1 |a Benavídez, Raquel.  |4 dis 
245 1 0 |a Caracterización fenotípica y molecular de una colección de edamame (Glycine max (L.) Merr.) ; directora María Mónica Poverene /  |c Raquel Benavídez. 
260 |c 2004. 
300 |a 124 h. :  |b il. ;  |c 30 cm. 
500 |a Director de tesis: María Mónica Poverene. 
502 |a Tesis (doctoral)--Universidad Nacional del Sur. Departamento de Agronomía, 2004. 
504 |a Incluye referencias bibliográficas. 
650 7 |a Cereales  |2 Unbis 
653 |a Soja 
700 1 |a Poverene, María Mónica.  |4 ths 
710 2 |a Universidad Nacional del Sur.  |b Departamento de Agronomía  |4 dgg. 
859 |a AR-BbBCA  |b BIB. AGRONOMIA  |h 040  |i B148 2004-663  |p 114842/004